000 00815nam a22002535i 4500
001 176418
003 ES-MaACL
005 20251126143557.0
008 110113s1967 sp |||| | spa d
080 _a616.24
100 0 _aBrocard, H.
_9144745
245 1 4 _aLas consultas diarias en neumología /
_cH. Brocard y Ch. Gallouëdec ; versión española de P. Roca Amigó.
250 _a1ª ed.
260 _aBarcelona :
_bToray-Masson,
_c1967.
300 _aXI, 267 p. ;
_c22 cm.
490 1 _aLas consultas diarias ;
_v19
500 _aÍndice.
650 0 4 _aPulmones-
_xEnfermedades.
_9136791
700 1 _aGallouëdec, Ch.
_9144746
700 0 _aRoca Amigó, Pedro
_997984
830 0 _aLas consultas diarias ;
_v19
_9190025
852 _aES-MaACL
_jE-14048
_xOlim P-210-Ter
999 _c176418
_d176418